Integrovaná prevencia a kontrola znečisťovania významná zmena v systéme povoľovania zariadení znečisťujúcich životné prostredie

Bibliographic Details
Main Author: Gašparíková, Božena, 1955- (Author)
Format: Article
Language:Slovak
PhysicalDescription:Obr.
ISSN:1335-874X
Subjects:

MARC

LEADER 00000nab a2200000 a 4500
001 vtls000832683
003 SK-MaSNL
005 20260302165447.0
008 180206c2002 xo 0 slo
015 |a SNBRB2003/04-11749 
035 |a CLN000184338 
040 |a SNKBUCL  |b slo  |c SNKBUCL  |e AACR2 
041 0 |a slo 
044 |a xo  |c SK 
080 |a 504.064(437.6):340.13  |2 UDC-MRF-SK2 
080 |a 340.13(437.6)  |2 UDC-MRF-SK2 
100 1 |a Gašparíková, Božena,  |d 1955-  |4 aut  |9 101008 
245 1 0 |a Integrovaná prevencia a kontrola znečisťovania  |b významná zmena v systéme povoľovania zariadení znečisťujúcich životné prostredie  |c Božena Gašparíková 
300 |b Obr. 
504 |a Res. angl. v summary 
650 0 7 |a prostredie životné  |x znečisťovanie  |x kontrola  |x prevencia integrovaná  |x zákony  |z Slovensko  |2 snkbucl  |9 870059 
655 7 |a články z novín a časopisov  |2 snkbucl  |9 267496 
773 0 |x 1335-874X  |t XXI. storočie  |g Roč. 5, č. 4 (2002), s. 10-12 
850 |a Slovenská národná knižnica v Martine 
852 |a SNK  |b KIS3GCP 
958 |a RBX 
999 |c 1390091  |d 1392021